| 000 | 00403nam a2200169 a 4500 | ||
|---|---|---|---|
| 005 | 20140414093848.0 | ||
| 008 | 110321s19uu xx 00 eng d | ||
| 020 | _a9788477118428 | ||
| 050 |
_aCD 460 _bEs6 2009 |
||
| 100 | _aCastro, F. | ||
| 245 | 0 |
_aNuevo ven : _blibro del alumno 2 CD2. |
|
| 260 | _c2009. | ||
| 650 | _aSpanish language | ||
| 942 | _cAVM | ||
| 999 |
_c109732 _d109732 |
||